000 00867nam a2200229 i 4500
001 78786
003 ES-MaACL
005 20250819165240.0
007 t|
008 041018s1946 sp ||||1| spa d
100 1 _aHayek, Friedrich A. von.
_962190
245 1 0 _aCamino de servidumbre /
_cFriedrich A. von Hayek ; traducción del inglés por J. Vergara Doncel.
260 _aMadrid :
_bRevista de Derecho Privado,
_c[1946] (
_fSamarán)
300 _aXX, 245 p., 1 lám., 1 h. ;
_c22 cm.
490 1 _aRevista de Derecho Privado. Serie E. Tratados y monografías de economía y hacienda ;
_v14
650 0 4 _aEconomía marxista.
_912033
650 0 7 _aTotalitarismo
_2embne
_917571
700 0 _aVergara Doncel, José.
_9114087
830 0 0 _aRevista de derecho privado
_v14
_9232247
852 _aES-MaACL
_jE-1893
_bR.22842
999 _c78786
_d78786